Smuckers Flavors - Statistics

General Stats
  • This quiz has been taken 13 times
  • The average score is 6 of 11
Answer Stats
Answer % Correct
Strawberry
100%
Grape
91%
Blackberry
73%
Blueberry
73%
Peach
73%
Apricot
55%
Cherry
27%
Pineapple
27%
Red Plum
27%
Red Raspberry
27%
Sweet Orange
9%
No matching quizzes found
Score Distribution
Percent of People with Each Score
Percentile by Number Answered
Your Score History
You have not taken this quiz